000
00203nam a22000857a 4500
999
_c
10997
_d
10997
008
180713b ||||| |||| 00| 0 eng d
100
_a
Wilde.O.
_9
2090
245
_a
The Centerville Ghost
260
_a
New Delhi